000 00444nam a2200193Ia 4500
005 20240823055047.0
008 240823s9999||||xx |||||||||||||| ||und||
041 _aENGLISH
082 _A624.15105 Q6
100 _aAnnadurai R
245 0 _aTextbook of Engineering Geology
250 _a1st
260 _c2016
_bAne Books Pv
500 _aYES
650 _aGeology
_bCivil
700 _aNagalakshmi R
942 _cBK
999 _c227912
_d227912